[Event "NCA-chT final"]
[Site "Managua"]
[Date "2019.11.09"]
[Round "6.2"]
[White "Ruiz Gonzales, Francisco Rene"]
[Black "Rocha, Maximiliano"]
[Result "0-1"]
[WhiteElo "1667"]
[BlackElo "2137"]
[PlyCount "42"]
[EventDate "2019.10.26"]
[EventType "team-tourn"]
[EventRounds "11"]
[EventCountry "NCA"]
[SourceTitle "EXT 2021"]
[Source "ChessBase"]
[SourceDate "2020.10.23"]
[SourceVersion "1"]
[SourceVersionDate "2020.10.23"]
[SourceQuality "1"]
[WhiteTeam "Universidad de Ingenieria"]
[BlackTeam "Olimpus Team"]
[WhiteTeamCountry "NCA"]
[BlackTeamCountry "NCA"]

1. d4 d5 2. Nf3 Nf6 3. e3 e6 4. c4 c6 5. Nc3 Nbd7 6. Bd3 Bd6 7. 0-0 0-0 8. b3 b6 9. Bb2 Bb7 10. e4 dxc4 11. bxc4 e5 12. Ne2 exd4 13. Nexd4 Re8 14. Nf5 Bc7 15. Re1 c5 16. Qc2 Qb8 17. Ng3 Ne5 18. Nxe5 Bxe5 19. Bxe5 Qxe5 20. Rab1 Rad8 21. f3 Qd4+ 0-1

[Event "Pan American-ch Amateur U1700"]
[Site "San Jose"]
[Date "2019.10.23"]
[Round "1.2"]
[White "Ramos Rodriguez, Daniel"]
[Black "Ruiz Gonzales, Francisco Rene"]
[Result "0-1"]
[WhiteElo "1193"]
[BlackElo "1667"]
[PlyCount "46"]
[EventDate "2019.10.23"]
[EventType "swiss"]
[EventRounds "9"]
[EventCountry "CRI"]
[SourceTitle "EXT 2024"]
[Source "ChessBase"]
[SourceDate "2023.10.10"]
[SourceVersion "1"]
[SourceVersionDate "2023.10.10"]
[SourceQuality "1"]

1. d4 Nf6 2. Nd2 d5 3. Ngf3 e6 4. e3 c5 5. c3 Nc6 6. Bd3 Bd6 7. 0-0 Qc7 8. Re1 Bd7 9. e4 dxe4 10. Nxe4 Nxe4 11. Bxe4 0-0-0 12. a4 c4 13. b4 cxb3 14. Qxb3 Na5 15. Qc2 Bc6 16. Bxc6 Nxc6 17. c4 Nxd4 18. Nxd4 Bxh2+ 19. Kh1 Rxd4 20. g3 Bxg3 21. fxg3 Qxg3 22. Be3 Rh4+ 23. Qh2 Qxh2# 0-1

[Event "NCA-chT fase1"]
[Site "Managua"]
[Date "2019.10.06"]
[Round "6.3"]
[White "Ruiz Gonzales, Francisco Rene"]
[Black "Martinez, Carlos Fernando"]
[Result "0-1"]
[WhiteElo "1668"]
[BlackElo "1905"]
[PlyCount "80"]
[EventDate "2019.09.28"]
[EventType "team-swiss"]
[EventRounds "9"]
[EventCountry "NCA"]
[SourceTitle "CBM 194 Extra"]
[Source "ChessBase"]
[SourceDate "2020.03.31"]
[SourceVersion "1"]
[SourceVersionDate "2020.03.31"]
[SourceQuality "1"]
[WhiteTeam "Universidad de Ingenieria"]
[BlackTeam "Yader Cabrera"]
[WhiteTeamCountry "NCA"]
[BlackTeamCountry "NCA"]

1. d4 d5 2. Nf3 c6 3. Bf4 Nf6 4. e3 Bg4 5. c4 e6 6. Nbd2 Bd6 7. Bg3 0-0 8. Bd3 Bc7 9. Qc2 Bxf3 10. Bxc7 Qxc7 11. Nxf3 Nbd7 12. cxd5 exd5 13. 0-0 Rfe8 14. b4 Rac8 15. Rfc1 Qd6 16. Qb3 a6 17. a4 b5 18. a5 Ne4 19. Qb2 Re6 20. Rab1 f5 21. g3 h6 22. Qe2 g5 23. Nd2 Rf8 24. Bxe4 fxe4 25. Nb3 Rf3 26. Nd2 Rf8 27. Nb3 Ref6 28. Rf1 Kg7 29. Kg2 Kg6 30. h4 Rf3 31. hxg5 hxg5 32. Qe1 Qe6 33. Rb2 Qg4 34. Qd1 Nf6 35. Qe1 Ng8 36. Rc2 Ne7 37. Rc1 R3f6 38. Nd2 Kf7 39. Nb3 Nf5 40. Rh1 Nh4+ 0-1

[Event "Pan American-ch Amateur U1700"]
[Site "San Jose"]
[Date "2019.10.??"]
[Round "8"]
[White "Ruiz Gonzales, Francisco Rene"]
[Black "Rosales Gonzalez, Erick Josue"]
[Result "1-0"]
[WhiteElo "1667"]
[BlackElo "1653"]
[PlyCount "149"]
[EventDate "2019.10.23"]
[EventType "swiss"]
[EventRounds "9"]
[EventCountry "CRI"]
[SourceTitle "EXT 2024"]
[Source "ChessBase"]
[SourceDate "2023.10.10"]
[SourceVersion "1"]
[SourceVersionDate "2023.10.10"]
[SourceQuality "1"]

1. Nf3 Nf6 2. d4 e6 3. c4 d5 4. a3 Be7 5. Nc3 0-0 6. Bg5 b6 7. e3 Bb7 8. Bd3 dxc4 9. Bxc4 Nbd7 10. 0-0 c5 11. Qe2 cxd4 12. Nxd4 Ne5 13. Ba2 Ne4 14. Nxe4 Bxg5 15. Nxg5 Qxg5 16. f4 Qf6 17. fxe5 Qxe5 18. Rac1 h5 19. Nf3 Qa5 20. Rfd1 Rac8 21. Rxc8 Rxc8 22. Qd2 Qb5 23. Bb1 g6 24. Bd3 Qb3 25. Nd4 Qd5 26. Nf3 Qb3 27. Bb1 Qc4 28. Ne5 Qb5 29. Nf3 Qc4 30. Qd3 Qg4 31. Qe2 h4 32. h3 Qa4 33. Kh2 Ba6 34. Qd2 Qc4 35. Qf2 Qc7+ 36. Kh1 Qc5 37. Qxh4 Qxe3 38. Rd8+ Rxd8 39. Qxd8+ Kh7 40. Qd2 Qc5 41. Ng5+ Kg8 42. Ne4 Qe5 43. Qc3 Qf4 44. Qe1 Bb7 45. Nc3 Qd4 46. Be4 Ba6 47. Bf3 e5 48. Qe4 Qc5 49. Qa8+ Kg7 50. Qxa7 Bc4 51. Qd7 Qe3 52. Qd1 Qf2 53. b3 Be6 54. Bd5 Bf5 55. Qe2 Qd4 56. Qf3 Qd2 57. Kh2 f6 58. a4 Bc2 59. Ne4 Qxd5 60. Qxf6+ Kg8 61. Qxg6+ Kf8 62. Qf5+ Ke7 63. Qh7+ Kd8 64. Qh8+ Kc7 65. Qg7+ Kb8 66. Qf8+ Kc7 67. Qe7+ Kb8 68. Qe8+ Ka7 69. Nc3 Qb7 70. Qxe5 Bxb3 71. Nb5+ Ka8 72. Qe8+ Qb8+ 73. Qxb8+ Kxb8 74. Nc3 Kc7 75. Kg3 1-0

[Event "Pan American-ch Amateur U1700"]
[Site "San Jose"]
[Date "2019.10.??"]
[Round "4"]
[White "Ruiz Gonzales, Francisco Rene"]
[Black "Valverde Mora, Mauricio"]
[Result "0-1"]
[WhiteElo "1667"]
[BlackElo "1600"]
[PlyCount "40"]
[EventDate "2019.10.23"]
[EventType "swiss"]
[EventRounds "9"]
[EventCountry "CRI"]
[SourceTitle "EXT 2024"]
[Source "ChessBase"]
[SourceDate "2023.10.10"]
[SourceVersion "1"]
[SourceVersionDate "2023.10.10"]
[SourceQuality "1"]

1. d4 f5 2. Bf4 Nf6 3. Nf3 e6 4. e3 d5 5. c4 c6 6. Nc3 Bd6 7. Ne5 0-0 8. h3 Ne4 9. Nxe4 fxe4 10. a3 a5 11. h4 a4 12. Be2 Be7 13. Bh5 Nd7 14. g3 Nxe5 15. Bxe5 Bf6 16. Bf4 dxc4 17. Qc2 Qa5+ 18. Kf1 Qxh5 19. Qxc4 Qb5 20. Qxb5 cxb5 0-1

[Event "NCA-chT final"]
[Site "Managua"]
[Date "2018.11.04"]
[Round "6.4"]
[White "Ruiz Gonzales, Francisco Rene"]
[Black "Rivas, Cristhian"]
[Result "0-1"]
[WhiteElo "1622"]
[BlackElo "1940"]
[PlyCount "68"]
[EventDate "2018.10.27"]
[EventType "team-tourn"]
[EventRounds "11"]
[EventCountry "NCA"]
[SourceTitle "EXT 2020"]
[Source "ChessBase"]
[SourceDate "2019.10.17"]
[SourceVersion "1"]
[SourceVersionDate "2019.10.17"]
[SourceQuality "1"]

1. d4 d5 2. c4 c6 3. Nf3 Nf6 4. Nc3 e6 5. cxd5 exd5 6. Bg5 h6 7. Bh4 Bd6 8. Qc2 Nbd7 9. e3 Qe7 10. Bd3 0-0 11. 0-0 g5 12. Bg3 Bxg3 13. hxg3 Re8 14. Rab1 Nf8 15. b4 Bg4 16. Ne5 N8d7 17. Nxd7 Bxd7 18. Rfd1 Kg7 19. b5 h5 20. bxc6 bxc6 21. Rb7 Rh8 22. Rdb1 h4 23. gxh4 Rxh4 24. g3 Rh6 25. Bf5 Rah8 26. Bxd7 Rh1+ 27. Kg2 R8h2+ 28. Kf3 Ne4 29. Nxe4 dxe4+ 30. Kg4 Qf6 31. Qxe4 Rh4+ 32. gxh4 Rxh4+ 33. Kg3 Rxe4 34. Bg4 Qd6+ 0-1